Атлас по металлографии цветных металлов ... Приложение: Текст к Атласу... (Запись № 13574385)
[ простой вид ]
| 000 -МАРКЕР | |
|---|---|
| контрольное поле | 01526nam2a2200229 4500 |
| 001 - ИДЕНТИФИКАТОР ЗАПИСИ | |
| контрольное поле | rc\2839527 |
| 005 - ИДЕНТИФИКАТОР ВЕРСИИ | |
| контрольное поле | 20260315045727.0 |
| 035 ## - ДРУГИЕ СИСТЕМНЫЕ НОМЕРА | |
| Идентификатор записи | (NLR Aleph) 006997137 |
| 100 ## - ДАННЫЕ ОБЩЕЙ ОБРАБОТКИ | |
| Данные общей обработки | 20110629d1930 u y0rusy50 ca |
| 101 0# - ЯЗЫК РЕСУРСА | |
| Язык текста, звукозаписи и т.д. | русский |
| 102 ## - СТРАНА ПУБЛИКАЦИИ ИЛИ ПРОИЗВОДСТВА | |
| Страна публикации | Российская Федерация |
| 105 ## - ПОЛЕ КОДИРОВАННЫХ ДАННЫХ: ТЕКСТОВЫЕ МАТЕРИАЛЫ, МОНОГРАФИЧЕСКИЕ | |
| Кодированные данные о монографическом текстовом документе | y z ||||| |
| 200 1# - ЗАГЛАВИЕ И СВЕДЕНИЯ ОБ ОТВЕТСТВЕННОСТИ | |
| Основное заглавие | Текст к Атласу... |
| 210 ## - ПУБЛИКАЦИЯ, РАСПРОСТРАНЕНИЕ И ДР. | |
| Дата издания, распространения и т.д. | 1930 |
| 215 ## - ФИЗИЧЕСКАЯ ХАРАКТЕРИСТИКА | |
| Специфическое обозначение материала и объем | 24 с. |
| Размеры | 26х17 см |
| 461 #0 - УРОВЕНЬ НАБОРА | |
| Встроенное поле | 001rc\2839525 |
| -- | 2001#$aАтлас по металлографии цветных металлов ...$eСоставлен группой студентов-металлургов МВТУ. Вып. 1-$fПод руководством инж. А.А. Бочвара$gС предисл. проф. А.М. Бочвара$gМоск. высш. техн. училище. Науч. хим.-технол. кружок им. Д. И. Менделеева$vПриложение |
| Системный номер (АБИС) связанной записи | 5684214 |
| Автор | Московское высшее техническое училище им. Баумана. Научный химико-технический кружок им. Д.И. Менделеева |
| Место публикации | Москва |
| Дата публикации | 1930 |
| Первые сведения об ответственности | Под руководством инж. А.А. Бочвара |
| Имя издателя, распространителя и т.д. | Моск. высш. техн. училище |
| Сведения, относящиеся к заглавию | Составлен группой студентов-металлургов МВТУ. Вып. 1- |
| Заглавие | Атлас по металлографии цветных металлов ... |
| Номер тома | Приложение |
| 801 #0 - ИСТОЧНИК ЗАПИСИ | |
| Страна | Российская Федерация |
| Организация | NLR |
| Правила каталогизации | psbo |
| 801 #1 - ИСТОЧНИК ЗАПИСИ | |
| Страна | Российская Федерация |
| Организация | ELAR |
| Источник данных | rusmarc |
| 852 ## - МЕСТОНАХОЖДЕНИЕ И ШИФР ХРАНЕНИЯ | |
| Идентификатор организации | NLR |
| Шифр хранения (Call Number) | 30.19/115 |
| 942 ## - ДОПОЛНИТЕЛЬНЫЕ ЭЛЕМЕНТЫ ЗАПИСИ (АБИС) | |
| Тип экземпляра АБИС | Неопределено |
| 980 ## - КОЛЛЕКЦИЯ | |
| Название коллекции | Национальная библиография |
Нет доступных экземпляров.